000 00613nam a2200181Ia 4500
008 151202s9999||||xx |||||||||||||| ||und||
082 _bPNVM-45918
100 _aउशिरे चेतन.
245 _aमहानालायक (षडयंत्र).
260 _b"शिवम प्रकाशन ,पुणे."
260 _c2004
300 _a99
600 _aउशिरे चेतन.
630 _aमहानालायक (षडयंत्र).
700 _aउशिरे चेतन.
730 _aमहानालायक (षडयंत्र).
942 _cBOOK
999 _c1311869
_d1311866